| Поле | Название | Значение |
| |
Тип записи |
a |
| |
Библиографический уровень |
m |
| 001 |
Контрольный номер |
UONB/MAIN/a73a23fc7d1849e9a9f7660ec5ba050f |
| 005 |
Дата корректировки |
20260429182113.9 |
| 010 |
Индекс ISBN |
__ |
| b |
Уточнения |
В пер. |
| d |
Цена |
6 р. 55 к. |
| 9 |
Тираж |
15000 экз. |
| 100 |
Данные общей обработки |
__ |
| a |
Данные общей обработки |
20260429d1960 m y0rusy0189 ca |
| 101 |
Язык документа |
0_ |
| a |
Язык текста |
rus |
| 102 |
Страна публикации |
__ |
| a |
Страна публикации |
RU |
| 105 |
Кодированные данные (монография) |
__ |
| a |
Кодированные данные (монография) |
a z 000yy |
| 200 |
Заглавие и сведения об ответственности |
1_ |
| a |
Заглавие |
Капельки жизни |
| f |
Первые сведения об ответственности |
А. Н. Студитский |
| 203 |
Вид содержания и тип средства |
__ |
| a |
Вид содержания |
Текст |
| b |
Характеристика содержания |
визуальный |
| c |
Тип средства |
непосредственный |
| 210 |
Выходные данные |
1_ |
| a |
Место издания |
Москва |
| c |
Издательство |
Молодая гвардия |
| d |
Дата издания |
1960 |
| 215 |
Физическое описание |
__ |
| a |
Объем |
319 с. |
| c |
Иллюстрации/тип воспроизводства |
ил. |
| d |
Формат |
21 см |
| 606 |
Тематические рубрики |
0_ |
| a |
Основная рубрика |
Клетка (биол.) |
| 610 |
Ключевые слова |
0_ |
| a |
Ключевые слова |
рост клеток |
| 610 |
Ключевые слова |
0_ |
| a |
Ключевые слова |
клетки живых организмов |
| 610 |
Ключевые слова |
0_ |
| a |
Ключевые слова |
развитие клеток |
| 610 |
Ключевые слова |
0_ |
| a |
Ключевые слова |
клетки (биол.) |
| 675 |
Индекс УДК |
__ |
| a |
Индекс УДК |
57.029.1 |
| 700 |
Автор |
_1 |
| a |
Фамилия |
Студитский |
| b |
Имя (инициалы) |
А. Н. |
| g |
Полное личное имя |
Александр Николаевич |
| 4 |
Код отношения |
070 |
| 801 |
Источник записи |
_0 |
| a |
Страна |
RU |
| b |
Организация |
Ульяновская ОНБ |
| c |
Дата составления |
20260429 |
| g |
Правила каталогизации |
RCR |
| 801 |
Источник записи |
_1 |
| a |
Страна |
RU |
| b |
Организация |
Ульяновская ОНБ |
| c |
Дата составления |
20260429 |
| g |
Правила каталогизации |
RCR |
| 901 |
Тип документа |
__ |
| t |
Тип документа |
m |
| 909 |
Создатель записи |
__ |
| a |
Создатель записи |
Грязнова Т. |
| b |
Дата создания записи |
20260429 |